书目信息 |
| 题名: |
亲子心理辅导手册
|
|
| 作者: | 梁东标 , 汤礼深 主编 | |
| 分册: | ||
| 出版信息: | 广州 广东教育出版社 2003 |
|
| 页数: | 137页 | |
| 开本: | 26cm | |
| 丛书名: | 学校团体心理辅导丛书 | |
| 单 册: | ||
| 中图分类: | G44 , G622.3 | |
| 科图分类: | ||
| 主题词: | 小学生--心理卫生--教学参考资料 , 活动课程--小学--教学参考资料 , 小学生 , 心理卫生 , 活动课程 , 教育心理学 | |
| 电子资源: | ||
| ISBN: | 7-5406-5167-9 | |
| 000 | 01042oam2 2200325 450 | |
| 001 | 1257745313 | |
| 005 | 20121004160340.68 | |
| 010 | @a7-5406-5167-9@dCNY18.70 | |
| 100 | @a20040112d2003 em y0chiy50 ea | |
| 101 | 0 | @achi |
| 102 | @aCN@b440000 | |
| 105 | @aa z 000yy | |
| 200 | 1 | @a亲子心理辅导手册@Aqin zi xin li fu dao shou ce@f梁东标,汤礼深主编 |
| 210 | @a广州@c广东教育出版社@d2003 | |
| 215 | @a137页@c照片@d26cm | |
| 225 | 2 | @a学校团体心理辅导丛书@v5 |
| 330 | @a该书从理论上阐明了团体互动式家长心理辅导辅导的目的意义、内容、形式及带领技巧,列举有关经过实践、成功的家长辅导活动设计方案并作分析。 | |
| 461 | 0 | @12001 @a学校团体心理辅导丛书 |
| 606 | 0 | @a小学生@x心理卫生@j教学参考资料 |
| 606 | 0 | @a活动课程@x小学@j教学参考资料 |
| 606 | 0 | @a小学生 |
| 606 | 0 | @a心理卫生 |
| 606 | 0 | @a活动课程 |
| 606 | 0 | @a教育心理学 |
| 690 | @aG44@v4 | |
| 690 | @aG622.3@v4 | |
| 701 | 0 | @a梁东标@Aliang dong biao@4主编 |
| 701 | 0 | @a汤礼深@Atang li shen@4主编 |
| 801 | 0 | @aCN@bNLC@c20101222 |
| 905 | @a10447@dG44@eJY299:5 | |
| 亲子心理辅导手册/梁东标,汤礼深主编.-广州:广东教育出版社,2003 |
| 137页:照片;26cm.-(学校团体心理辅导丛书;5) |
| ISBN 7-5406-5167-9:CNY18.70 |
| 该书从理论上阐明了团体互动式家长心理辅导辅导的目的意义、内容、形式及带领技巧,列举有关经过实践、成功的家长辅导活动设计方案并作分析。 |
| ● |
| 相关链接 |
|
|
|
|
正题名:亲子心理辅导手册
索取号:G44/JY299:5
 
预约/预借
| 序号 | 登录号 | 条形码 | 馆藏地/架位号 | 状态 | 备注 |
| 1 | 7805873 | 278058735 | 学院路分馆/ [索取号:G44/JY299:5] | 在馆 | |
| 2 | 7805874 | 278058744 | 学院路分馆/ [索取号:G44/JY299:5] | 在馆 | |
| 3 | 7805875 | 278058753 | 学院路分馆/ [索取号:G44/JY299:5] | 在馆 | |
| 4 | 7805876 | 278058762 | 学院路分馆/ [索取号:G44/JY299:5] | 在馆 |